Human relations : (Record no. 31132)

MARC details
000 -LEADER
fixed length control field 02578cam a22004458i 4500
001 - CONTROL NUMBER
control field 23947580
003 - CONTROL NUMBER IDENTIFIER
control field EG-ScBUE
005 - DATE AND TIME OF LATEST TRANSACTION
control field 20260216095507.0
008 - FIXED-LENGTH DATA ELEMENTS--GENERAL INFORMATION
fixed length control field 241210s2025 nyua f bd 001 0 eng d
020 ## - INTERNATIONAL STANDARD BOOK NUMBER
Cancelled/invalid ISBN 9781265133092
020 ## - INTERNATIONAL STANDARD BOOK NUMBER
Cancelled/invalid ISBN 1265133093
035 ## - SYSTEM CONTROL NUMBER
System control number 23947580
040 ## - CATALOGING SOURCE
Original cataloging agency DLC
Language of cataloging eng
Description conventions rda
Transcribing agency DLC
Modifying agency DLC
-- EG-ScBUE
082 04 - DEWEY DECIMAL CLASSIFICATION NUMBER
Classification number 158.7
Edition number 22
Item number LAM
100 1# - MAIN ENTRY--PERSONAL NAME
Personal name Lamberton, Lowell H.,
Relator term author.
245 10 - TITLE STATEMENT
Title Human relations :
Remainder of title strategies for success /
Statement of responsibility, etc Lowell H. Lamberton, Leslie Minor, Demitrius Zeigler.
250 ## - EDITION STATEMENT
Edition statement 2025 release.
264 #1 - PUBLICATION, DISTRIBUTION, ETC. (IMPRINT)
Place of publication, distribution, etc New York, NY :
Name of publisher, distributor, etc McGraw Hill,
Date of publication, distribution, etc 2025.
300 ## - PHYSICAL DESCRIPTION
Extent xx, 620 pages :
Other physical details color illustrations ;
Dimensions 30 cm
336 ## - CONTENT TYPE
Content type term text
Content type code txt
Source rdacontent
337 ## - MEDIA TYPE
Media type term unmediated
Media type code n
Source rdamedia
338 ## - CARRIER TYPE
Carrier type term volume
Carrier type code nc
Source rdacarrier
500 ## - GENERAL NOTE
General note Includes glossary.<br/>
504 ## - BIBLIOGRAPHY, ETC. NOTE
Bibliography, etc Includes bibliographical references and index.<br/>
520 ## - SUMMARY, ETC.
Summary, etc "Throughout our years of teaching, administration, running small businesses, and consulting in the fields of social science and organizational behavior, we have become increasingly aware of the need for a textbook that is down to earth, experience based, and grounded in sound research and theory. We believe strongly in the importance of understanding the relationship between self-awareness and human relations, and, by extension, the relationship between human relations skills and ongoing career success. We encourage building self-awareness, growth, and success skills inside the context of the real world. What realistic strategies and techniques can we teach our students to encourage their growth in human relations success, on and off the job site? How can students tap into the power that comes from working well in one-on-one situations, in groups, and in organizations large and small?"--
Assigning source Provided by publisher.
521 ## - TARGET AUDIENCE NOTE
Target audience note Ages 18+
Source McGraw Hill LLC
650 #7 - SUBJECT ADDED ENTRY--TOPICAL TERM
Topical term or geographic name as entry element Psychology, Industrial.
Source of heading or term BUEsh
650 #7 - SUBJECT ADDED ENTRY--TOPICAL TERM
Topical term or geographic name as entry element Personnel management.
Source of heading or term BUEsh
650 #7 - SUBJECT ADDED ENTRY--TOPICAL TERM
Topical term or geographic name as entry element Interpersonal relations.
Source of heading or term BUEsh
650 #7 - SUBJECT ADDED ENTRY--TOPICAL TERM
Topical term or geographic name as entry element Group relations training.
Source of heading or term BUEsh
653 ## - INDEX TERM--UNCONTROLLED
Arrived date list February2026
Resource For college BAEPS, Business Administration
655 ## - INDEX TERM--GENRE/FORM
Form subdivision Reading book
700 1# - ADDED ENTRY--PERSONAL NAME
Personal name Zeigler, Demitrius,
Relator term author.
700 1# - ADDED ENTRY--PERSONAL NAME
Personal name Minor, Leslie,
Relator term author.
776 08 - ADDITIONAL PHYSICAL FORM ENTRY
Display text Online version:
Main entry heading Minor, Leslie.
Title Human relations
Edition 2025 release.
Place, publisher, and date of publication New York, NY : McGraw Hill, 2025
International Standard Book Number 9781266192838
Record control number (DLC) 2024056750
906 ## - LOCAL DATA ELEMENT F, LDF (RLIN)
a 7
b cbc
c orignew
d 1
e ecip
f 20
g y-gencatlg
942 ## - ADDED ENTRY ELEMENTS (KOHA)
Source of classification or shelving scheme Dewey Decimal Classification
Koha item type Book - Borrowing
Holdings
Withdrawn status Lost status Source of classification or shelving scheme Damaged status Not for loan Collection code Home library Current library Shelving location Date acquired Source of acquisition Cost, normal purchase price Serial Enumeration / chronology Total Checkouts Full call number Barcode Date last seen Cost, replacement price Price effective from Koha item type
    Dewey Decimal Classification     Alahram Central Library Central Library Lower Floor 16/02/2026 Purchase 2700.00 2026/A/55   158.7 LAM 000057540 16/02/2026 3375.00 16/02/2026 Book - Borrowing